Collier's International year book 1997 : (Record no. 305752)
[ view plain ]
| 000 -LEADER | |
|---|---|
| fixed length control field | 00521nam a2200193Ia 4500 |
| 008 - FIXED-LENGTH DATA ELEMENTS--GENERAL INFORMATION | |
| fixed length control field | 170203s9999 xx 000 0 und d |
| 050 ## - LIBRARY OF CONGRESS CALL NUMBER | |
| Classification number | 0 50 |
| 050 ## - LIBRARY OF CONGRESS CALL NUMBER | |
| Item number | .In61 1997 |
| 245 ## - TITLE STATEMENT | |
| Title | Collier's International year book 1997 : |
| 245 ## - TITLE STATEMENT | |
| Remainder of title | covering the year 1996 / |
| 260 ## - PUBLICATION, DISTRIBUTION, ETC. (IMPRINT) | |
| Place of publication, distribution, etc | New York : |
| 260 ## - PUBLICATION, DISTRIBUTION, ETC. (IMPRINT) | |
| Name of publisher, distributor, etc | Crowell-Collier Pub. Co. |
| 260 ## - PUBLICATION, DISTRIBUTION, ETC. (IMPRINT) | |
| Date of publication, distribution, etc | 1997 |
| 300 ## - PHYSICAL DESCRIPTION | |
| Extent | 123 pages : |
| 300 ## - PHYSICAL DESCRIPTION | |
| Other physical details | illustrations, some colored : |
| 300 ## - PHYSICAL DESCRIPTION | |
| Dimensions | 28 cm. |
| 650 ## - SUBJECT ADDED ENTRY--TOPICAL TERM | |
| Topical term or geographic name as entry element | History, Modern--20th century-- |
| 650 ## - SUBJECT ADDED ENTRY--TOPICAL TERM | |
| General subdivision | Periodicals. |
No items available.